000 00634 a2200217 4500
001 138940
003 OSt
005 20210928170706.0
008
020 _a9788178270845
082 _a341
_bD99D
100 1 _aDynamics of international law in the new millennium
245 1 _aDynamics of international law in the new millennium
_cedited by R.K. Dixit and C. Jayaraj
260 _aNew Delhi
_bManak Publications
_c2004
300 _a436p.
630 _aSocial Work
630 _aInternational law
700 _aDixit, R.K.
_eeditor
700 _aJayaraj, C. ED ed.
942 _2ddc
_cBK
999 _c11675
_d11675